• 首页
  • 本馆介绍
  • 公告通知
  • 最新文献
  • 馆藏检索
  • 电子资源
  • 读者导购
  • 参考咨询
  • 我的图书馆
  • 登录
  • 详细信息显示
  • 放入我的书架
  • 预约/预借图书
  • 作者相关作品
  • 分类相关作品
  • 丛书相关作品
  • 出版社相关作品

书目信息

  • 表格格式
  • 工作单格式
  • 卡片格式
题名:
中国大收购
    
 
作者: 周明剑 , 王震 编著
分册:  
出版信息: 北京   石油工业出版社  2009.11
页数: 12,256页
开本: 24cm
丛书名:
单 册:
中图分类: F279.21
科图分类:
主题词: 企业--收购--研究--中国 , 企业 , 收购
电子资源:
ISBN: 978-7-5021-7438-5
000 01019nam0 2200277 450
001 010700082880
005 20120321101738.04
010    @a978-7-5021-7438-5@dCNY28.00
100    @a20091201d2009 em y0chiy0110 ea
101 0  @achi
102    @aCN@b110000
105    @aak z 000yy
106    @ar
200 1  @a中国大收购@9zhong guo da shou gou@e中国企业崛起的海外艰难征战@f周明剑,王震编著
210    @a北京@c石油工业出版社@d2009.11
215    @a12,256页@c图@d24cm
330    @a本书共分十六章,内容涵盖艰涩的起步:从寥寥可数到规模收购;“铁三角”、“谍影”与联手扼杀——中铝铩羽力拓的背后;中石油收购、整合PK公司的启示;中海油的优尼科之伤:谁是真正的失败者等。
517 1  @a中国企业崛起的海外艰难征战@9zhong guo qi ye jue qi de hai wai jian nan zheng zhan
606 0  @a企业@x收购@x研究@y中国
606 0  @a企业
606 0  @a收购
690    @aF279.21@v4
701  0 @a周明剑@9zhou ming jian@4编著
701  0 @a王震@9wang zhen@4编著
801  0 @aCN@bRENTIAN@c20091201
905    @b538977-81@dF279.21@e924@f5
    
    中国大收购:中国企业崛起的海外艰难征战/周明剑,王震编著.-北京:石油工业出版社,2009.11
    12,256页:图;24cm
    
    
    ISBN 978-7-5021-7438-5:CNY28.00
    本书共分十六章,内容涵盖艰涩的起步:从寥寥可数到规模收购;“铁三角”、“谍影”与联手扼杀——中铝铩羽力拓的背后;中石油收购、整合PK公司的启示;中海油的优尼科之伤:谁是真正的失败者等。
●
相关链接 在E读中查询图书 在五车中查询图书 在当当中查询图书 在豆瓣中查询图书


正题名:中国大收购     索取号:F279.21/924         预约/预借

序号 登录号 条形码 馆藏地/架位号 状态 备注
1 538977   205389774   第一样本阅览室/ [索取号:F279.21/924] 在馆    
2 538978   205389783   第一借阅区/ [索取号:F279.21/924] 在馆    
3 538979   205389792   第一借阅区/ [索取号:F279.21/924] 在馆    
4 538980   205389809   第一借阅区/ [索取号:F279.21/924] 在馆    
5 538981   205389818   第一借阅区/ [索取号:F279.21/924] 在馆    
唐山师范学院图书馆 欢迎您!
大连网信软件有限公司© 版权所有